000 00371 a2200157 4500
001 155300
040 _cEscola São Tomás de Aquino
100 _aCARVALHO, Silva
240 1 0 _aPadrões numéricos e sequênciais
_lpor
245 1 0 _aPadrões numéricos e sequênciais
300 _a77
362 0 _a1997
440 1 _aModerna
697 _aMATEMÁTICA
942 _cBK
999 _c155300
_d155300